[Event "HUN-chT2 Barcza 1617"]
[Site "Hungary"]
[Date "2017.04.09"]
[Round "11.6"]
[White "Karacsony, Zsolt"]
[Black "Hegedus, Rafael"]
[Result "1/2-1/2"]
[WhiteElo "2051"]
[BlackElo "1955"]
[PlyCount "70"]
[EventDate "2016.09.25"]
[EventType "team-tourn"]
[EventRounds "11"]
[EventCountry "HUN"]
[SourceTitle "EXT 2021"]
[Source "ChessBase"]
[SourceDate "2020.10.23"]
[SourceVersion "1"]
[SourceVersionDate "2020.10.23"]
[SourceQuality "1"]
[WhiteTeam "Sajobabony"]
[BlackTeam "Mezokovesd"]
[WhiteTeamCountry "HUN"]
[BlackTeamCountry "HUN"]

1. e4 e5 2. Nf3 Nc6 3. c3 Nf6 4. d4 d6 5. Bd3 Bg4 6. Be3 h6 7. Nbd2 a6 8. Qa4 Bd7 9. Qc2 Ng4 10. 0-0 Nxe3 11. fxe3 Be7 12. b4 g5 13. Bc4 0-0 14. Qb3 Qe8 15. h3 Rb8 16. Qd1 Kg7 17. g4 f6 18. Kg2 h5 19. Nh2 h4 20. Qe2 Nd8 21. Nb3 Qg6 22. Bd3 Bc6 23. d5 Ba4 24. Nf3 Qe8 25. Nfd2 Nf7 26. Nc4 Qc8 27. Nb2 Bd7 28. Qd1 Nh6 29. Be2 Nf7 30. a4 Ra8 31. c4 c5 32. bxc5 dxc5 33. Nd3 Qc7 34. Qd2 Bd6 35. Rfb1 Rab8 1/2-1/2

[Event "HUN-chT2 Barcza 1617"]
[Site "Hungary"]
[Date "2017.02.12"]
[Round "8.4"]
[White "Mozes, Ervin"]
[Black "Karacsony, Zsolt"]
[Result "1-0"]
[WhiteElo "2164"]
[BlackElo "2051"]
[PlyCount "105"]
[EventDate "2016.09.25"]
[EventType "team-tourn"]
[EventRounds "11"]
[EventCountry "HUN"]
[SourceTitle "EXT 2021"]
[Source "ChessBase"]
[SourceDate "2020.10.23"]
[SourceVersion "1"]
[SourceVersionDate "2020.10.23"]
[SourceQuality "1"]
[WhiteTeam "Lillafured DVTK II"]
[BlackTeam "Sajobabony"]
[WhiteTeamCountry "HUN"]
[BlackTeamCountry "HUN"]

1. g3 Nf6 2. Bg2 d5 3. d3 e5 4. Nf3 Nc6 5. 0-0 Be6 6. Nbd2 Be7 7. c4 0-0 8. Ng5 Bc8 9. cxd5 Nxd5 10. Nc4 Nd4 11. Ne4 f6 12. Nc3 c6 13. e3 Ne6 14. d4 b5 15. Nd2 exd4 16. exd4 Nxd4 17. Nxd5 cxd5 18. Nb3 Nxb3 19. Qxd5+ Qxd5 20. Bxd5+ Kh8 21. axb3 Bh3 22. Bxa8 Bxf1 23. Bf3 Bd3 24. Rxa7 Bc5 25. Rc7 Re8 26. Bd2 Bf8 27. Rd7 Bc2 28. b4 h6 29. Rd5 Re5 30. Rxe5 fxe5 31. Be2 Ba4 32. f3 Kg8 33. Kf2 Kf7 34. Ke3 Ke6 35. Bc3 Bd6 36. h4 g5 37. Bd3 gxh4 38. gxh4 Be7 39. Be1 Kd5 40. b3 Bxb3 41. Bxb5 Bd8 42. Bd3 Bb6+ 43. Ke2 Bd8 44. Bf2 Kc6 45. b5+ Kb7 46. Be4+ Kb8 47. Kd3 Be7 48. b6 Be6 49. Bc6 Bf5+ 50. Kc4 Be6+ 51. Kb5 Bb3 52. Be4 Ba3 53. Bg3 1-0

[Event "HUN-chT2 Barcza 1213"]
[Site "Hungary"]
[Date "2012.10.07"]
[Round "2.6"]
[White "Karacsony, Zsolt"]
[Black "Kalyinka, Roland"]
[Result "1/2-1/2"]
[WhiteElo "2064"]
[BlackElo "2054"]
[PlyCount "34"]
[EventDate "2012.09.16"]
[EventType "team-tourn"]
[EventRounds "11"]
[EventCountry "HUN"]
[SourceTitle "EXT 2014"]
[Source "ChessBase"]
[SourceDate "2013.11.20"]
[SourceVersion "1"]
[SourceVersionDate "2013.11.20"]
[SourceQuality "1"]
[WhiteTeam "Sajoszentpeter"]
[BlackTeam "Edeleny"]
[WhiteTeamCountry "HUN"]
[BlackTeamCountry "HUN"]

1. e4 e5 2. Nf3 Nc6 3. c3 Nf6 4. d4 exd4 5. e5 Nd5 6. cxd4 Bb4+ 7. Bd2 Bxd2+ 8. Qxd2 0-0 9. Nc3 Nxc3 10. bxc3 d5 11. Bd3 f6 12. 0-0 Bg4 13. exf6 Qxf6 14. Be2 Rae8 15. Rae1 Qg6 16. Nh4 Qh5 17. Bxg4 Qxg4 1/2-1/2

[Event "HUN-chT2 Barcza 1112 "]
[Site "Hungary"]
[Date "2012.05.20"]
[Round "11"]
[White "Kelemen, Gyorgy"]
[Black "Karacsony, Zsolt"]
[Result "1/2-1/2"]
[WhiteElo "2048"]
[BlackElo "2048"]
[PlyCount "109"]
[EventDate "2011.09.25"]
[EventType "team-tourn"]
[EventRounds "11"]
[EventCountry "HUN"]
[SourceTitle "EXT 2013"]
[Source "ChessBase"]
[SourceDate "2012.11.22"]
[SourceVersion "1"]
[SourceVersionDate "2012.11.22"]
[SourceQuality "1"]
[WhiteTeam "Mezokovesd"]
[BlackTeam "Sajoszentpeter"]
[WhiteTeamCountry "HUN"]
[BlackTeamCountry "HUN"]

1. e4 c6 2. d4 d5 3. Nc3 dxe4 4. Nxe4 Nf6 5. Nxf6+ exf6 6. Bf4 Bd6 7. Bxd6 Qxd6 8. Nf3 0-0 9. Be2 Qb4+ 10. Qd2 Qxb2 11. 0-0 Nd7 12. Rfb1 Qa3 13. Rb3 Qd6 14. Rd1 Re8 15. h3 Nf8 16. Bc4 b5 17. Bf1 Be6 18. d5 Bxd5 19. Bxb5 Qc5 20. Bf1 Bxb3 21. axb3 Ne6 22. Bd3 Rad8 23. Ra1 Nd4 24. Nxd4 Qxd4 25. Ra4 Qc5 26. Rc4 Qd5 27. Qc3 Re6 28. Ra4 Re7 29. Ra6 Rc8 30. Qb4 c5 31. Qg4 Rc6 32. Ra4 Qe6 33. Qf3 Qe1+ 34. Kh2 Rc8 35. Qf5 Qe5+ 36. Kg1 Qxf5 37. Bxf5 Rd8 38. Bd3 h6 39. Ra6 Rc7 40. Kf1 Kf8 41. Ke2 Ke7 42. Bc4 Rd6 43. Ra5 f5 44. Bd3 Ke6 45. Ke3 g5 46. f4 f6 47. Bc4+ Ke7 48. Bd3 Rd5 49. Ra6 h5 50. fxg5 fxg5 51. Rh6 h4 52. Rh7+ Kd8 53. Rh8+ Ke7 54. Rh7+ Kd8 55. Rh8+ 1/2-1/2